Bovarismo: Ayer hoy y siempre

Na minha lista:
Detalhes bibliográficos
Autor principal: Borloz Soto, Virginia
Formato: Livro
Idioma:Spanish
Publicado em: San José, Costa Rica Universidad de Costa Rica, Sistema de Estudios de Posgrado 1999
Assuntos:
Tags: Adicionar Tag
Sem tags, seja o primeiro a adicionar uma tag!

MARC

LEADER 00000nam a22000007a 4500
008 170706b xxu||||| |||| 00| 0 spa d
040 |a cru BVZT 
090 |a TESIS 852 
100 |a Borloz Soto, Virginia 
245 |a Bovarismo: Ayer hoy y siempre  |c Borloz Soto, Virginia 
260 |a San José, Costa Rica  |b Universidad de Costa Rica, Sistema de Estudios de Posgrado  |c 1999 
300 |a 240 páginas 
650 |a TESIS 
650 |a SISTEMA DE ESTUDIOS DE POSGRADO 
650 |a MAESTRÍA EN LITERATURA 
650 |a MADAME BOVARY 
650 |a FEMINISMO 
650 |a INTERTEXTUALIDAD 
650 |a MUJER 
650 |a COSTA RICA 
650 |a EL PRIMO 
650 |a EN UNA SILLA DE RUEDAS 
999 |c 15344  |d 15344 
942 |c 15 D  |h TESIS 852  |2 z